Uruguayan soccer teams - Statistics

General Stats
  • This quiz has been taken 60 times
  • The average score is 26 of 53
Answer Stats
Division Teams % Correct
Primera División Nacional
98%
Primera División Peñarol
98%
Segunda División Cerro
84%
Segunda División Danubio
84%
Segunda División Defensor Sporting
82%
Primera División Liverpool
82%
Primera División Cerro Largo
80%
Primera División River Plate
77%
Primera División Deportivo Maldonado
73%
Primera División Montevideo Wanderers
73%
Primera División Fénix
68%
Primera División Montevideo City Torque
68%
Primera División Progreso
68%
Primera División Cerrito
66%
Primera División Plaza Colonia
66%
Segunda División Rampla Juniors
66%
Primera División Boston River
64%
Primera División Amateur Bella Vista
61%
Primera División Rentistas
61%
Segunda División Albion
59%
Segunda División Juventud
59%
Segunda División Racing
57%
Primera División Amateur Miramar Misiones
55%
Primera División Amateur Tacuarembó
55%
Segunda División Atenas
52%
Segunda División Uruguay Montevideo
52%
Primera División Amateur La Luz
50%
Primera División Villa Española
48%
Pending participation El Tanque Sisley
45%
Segunda División Rocha
45%
Segunda División Central Español
43%
Pending participation Salto
43%
Primera División Amateur Artigas
41%
Primera División Sud América
41%
Primera División Amateur Colón
39%
Segunda División Villa Teresa
39%
Primera División Amateur Huracán Buceo
36%
Primera División Amateur Oriental
34%
Primera División Amateur Basáñez
32%
Pending participation Durazno
30%
Primera División Amateur Salus
30%
Primera División Amateur Potencia
27%
Primera División Amateur Parque del Plata
25%
Primera División Amateur Alto Perú
23%
Primera División Amateur Canadian
23%
Pending participation Frontera Rivera
23%
Primera División Amateur Los Halcones
23%
Primera División Amateur Platense
23%
Primera División Amateur Mar de Fondo
16%
Primera División Amateur Sportivo Huracán
9%
Pending participation Keguay
5%
Pending participation Rivera Hinterland
2%
Pending participation Urupan
2%
No matching quizzes found
Score Distribution
Percent of People with Each Score
Percentile by Number Answered
Your Score History
You have not taken this quiz